000 01581nam a2200445 i 4500
001 124819
003 FINmELB
005 20241217175746.0
006 m o d |
007 cr cnu||||||||
008 171119s2015 sp ob 000 0 spa d
020 _a9788436833706
_q(e-book)
035 _a(OCoLC)1145085871
040 _aFINmELB
_bspa
_erda
_cFINmELB
050 4 _aHQ31
_bL9257 2015
080 _a176.316.472.4-055.1
082 0 _a176
_223
100 1 _aLópez Sánchez, Félix.
245 1 0 _aÉtica de las relaciones sexuales y amorosas /
_cFélix López Sánchez.
264 1 _aMadrid :
_bEdiciones Pirámide,
_c2015.
300 _a1 recurso en línea (197 páginas)
336 _atexto
_btxt
_2rdacontent/spa
337 _acomputadora
_bc
_2rdamedia/spa
338 _arecurso en línea
_bcr
_2rdacarrier/spa
490 1 _aColección Psicología
504 _aContiene bibliografía.
588 _aDescripción basada en metadatos suministrados por el editor y otras fuentes.
590 _aRecurso electrónico. Santa Fe, Arg.: elibro, 2020. Disponible vía World Wide Web. El acceso puede estar limitado para las bibliotecas afiliadas a elibro.
650 0 _aSexual ethics.
650 0 _aDating (Social customs)
650 0 _aMan-woman relationships.
650 4 _aSexo.
650 4 _aÉtica.
655 4 _aLibros electrónicos.
797 2 _aelibro, Corp.
830 0 _aColección Psicología.
856 4 0 _uhttps://elibro.net/ereader/politecnicointernacional/115242
999 _c124819
_d124819